Stranger Things - Les noms d'épisode - Statistiques

Statistiques générales
  • Ce quiz a été pris 454 fois
  • Le résultat moyen est 10 sur 42
Statistiques - réponses
SAISON-EPISODE Nom % Correct
S1E1 La disparition de Will Byers
81%
S1E8 Le monde à l'envers
63%
S5E8 Le Monde à l'endroit
44%
S5E2 La disparition de Holly Wheeler
41%
S2E1 MADMAX
39%
S2E9 Le portail
34%
S3E8 La bataille de Starcourt
32%
S1E7 Le bain
32%
S1E5 La puce et l'acrobate
31%
S2E8 Le flagelleur mental
31%
S1E4 Le corps
28%
S5E7 Le Pont
28%
S4E4 Cher Billy
26%
S2E7 La sœur perdue
25%
S4E8 Papa
25%
S3E1 Suzie, tu me reçois ?
25%
S1E2 La barjot de Maple Street
24%
S1E6 Le monstre
24%
S5E1 L'incursion
23%
S4E2 La malédiction de Vecna
22%
S1E3 Petit papa Noël
22%
S2E4 Will le sage
22%
S3E4 Le sauna
19%
S2E6 L'espion
19%
S2E5 Dig Dug
18%
S2E3 Le batracien
17%
S4E1 Le club Hellfire
17%
S4E7 Le massacre du laboratoire d'Hawkins
17%
S4E5 Projet "Nina"
16%
S3E2 Comme des rats
15%
S2E2 Des bonbons ou un sort, espèce de taré
15%
S3E7 La morsure
15%
S5E3 Le piège
15%
S5E6 S'échapper de Camazotz
15%
S5E4 Sorcellerie
15%
S3E3 La maître-nageuse disparue
13%
S4E9 L'infiltration
13%
S3E5 L'armada
12%
S3E6 E Pluribus Unum
11%
S4E6 Le plongeon
11%
S5E5 Plan de choc
11%
S4E3 Le monstre et la superheroïne
10%
Aucun quiz correspondant
Distribution des résultats
% des personnes avec chaque résultat
Percentile par nombre de réponses
Votre historique - résultats
Vous n’avez pas pris ce quiz